| 000 | 01630cam a22004934i 4500 | ||
|---|---|---|---|
| 003 | PE-LiUPU | ||
| 005 | 20250731173553.0 | ||
| 008 | 150616s r 000 0 d | ||
| 020 | _a0820413496 | ||
| 035 | _a(Sirsi) i9780820413495 | ||
| 040 |
_aPE-LiUPU _bspa _cPE-LiUPU _erda |
||
| 049 | _aPRUA | ||
| 082 | 0 | 4 |
_a221.44 _bH61 _221 |
| 100 | 1 |
_aHo, Ahuva, _d1943-, _eautor. |
|
| 245 | 1 | 0 |
_aSedeq and Sedaqah in the Hebrew Bible / _cAhuva Ho. |
| 264 | 1 |
_aNew York : _bPeter Lang Publishing, Inc., _c1991. |
|
| 300 |
_a212 páginas ; _c24 centímetros |
||
| 336 |
_atext _2rdacontent |
||
| 337 |
_aunmediated _2rdamedia |
||
| 338 |
_avolume _2rdacarrier |
||
| 490 | 0 |
_aAmerican University Studies. Series VII, Theology and Religion ; _v78 |
|
| 504 | _aBibliografía: páginas 199-208. | ||
| 526 | _aSEG42 | ||
| 526 | _aSEG41 | ||
| 526 | _aSEG40 | ||
| 526 | _aSEG39 | ||
| 526 | _aP94 | ||
| 526 | _aP87 | ||
| 526 | _aP86 | ||
| 526 | _aP85 | ||
| 526 | _aP77 | ||
| 526 | _aP76 | ||
| 526 | _aP35 | ||
| 630 |
_aBiblia. _pA.T. _xLenguaje, estilo. |
||
| 650 | 0 | 4 | _aTsedaah (Palabra hebrea). |
| 650 | 0 | 4 | _aTsede (Palabra hebrea). |
| 910 |
_ajck _bjvq _cjck |
||
| 942 |
_2ddc _cBOOK |
||
| 949 |
_a221.44 H61 _wDEWEY _c1 _i43322 _lCCODEBUL1 _mBUL _r0 _sY _tBOOK _u2015-6-16 _xTEOLOGIA _zUNKNOWN _0COMPRA _o.STAFF. Colección General |
||
| 994 |
_aC0 _bPEPRU |
||
| 596 | _a1 | ||
| 999 |
_a221.44 H61 _wDEWEY _c61290 _i43322 _f2021-11-9 _g5 _lCCODEBUL1 _mBUL _r0 _sY _tBOOK _u2015-6-16 _xTEOLOGIA _zUNKNOWN _0COMPRA _o.STAFF. Colección General _d61290 |
||
| 980 |
_81 _gALBERTO SANCHEZ Responsable de Automatización |
||